Blatherwick (Services) Ltd v King (Record no. 29285)

MARC details
000 -LEADER
fixed length control field 00910cab a2200181 4500
001 - CONTROL NUMBER
control field ABS44271
008 - FIXED-LENGTH DATA ELEMENTS--GENERAL INFORMATION
fixed length control field 090401t1991 xxu||||| |||| 00| 0 eng d
035 ## - SYSTEM CONTROL NUMBER
System control number (Sirsi) u46287
041 ## - LANGUAGE CODE
Language code of text/sound track or separate title eng
245 ## - TITLE STATEMENT
Title Blatherwick (Services) Ltd v King
260 ## - PUBLICATION, DISTRIBUTION, ETC.
Date of publication, distribution, etc. 1991
350 ## - PRICE (NR) (BK AM CF MU VM SE) [OBSOLETE]
Price 0
490 ## - SERIES STATEMENT
Series statement Weekly Law Reports
Volume/sequential designation (1991) 2 WLR 848-853(6)
520 ## - SUMMARY, ETC.
Summary, etc. CA 28 November 1991. Appeal by tenant King (K) against cc decision which determined that K`s liability to pay the service charge survived by reason of Landlord and Tenant Act 1954 s10(1) . Under a protected tenancy agreement K was under covenant in underlease to pay service charge. On expiry of the underlease and its replacement by a statutory tenancy , K disputed liability to continue paying service charge. CA upheld cc decision. Appeal dismissed,
690 ## - LOCAL SUBJECT ADDED ENTRY--TOPICAL TERM (OCLC, RLIN)
Topical term or geographic name as entry element LANDLORD AND TENANT-CASE LAW-RESIDENTIAL TENANCIES
942 ## - ADDED ENTRY ELEMENTS (KOHA)
Suppress in OPAC 0
948 ## - LOCAL PROCESSING INFORMATION (OCLC); SERIES PART DESIGNATOR (RLIN)
c (OCLC) 04/03/1997
Holdings
Withdrawn status Lost status Source of classification or shelving scheme Damaged status Not for loan Home library Current library Shelving location Date acquired Total Checkouts Full call number Barcode Date last seen Copy number Price effective from Koha item type
    Dewey Decimal Classification     London London Journal article 14/09/1999   ABS44271 46287-1001 06/08/2019 1 06/08/2019 Law report